• 首页
  • 本馆介绍
  • 公告通知
  • 最新文献
  • 馆藏检索
  • 电子资源
  • 读者导购
  • 参考咨询
  • 我的图书馆
  • 登录
  • 详细信息显示
  • 放入我的书架
  • 预约/预借图书
  • 作者相关作品
  • 分类相关作品
  • 丛书相关作品
  • 出版社相关作品

书目信息

  • 表格格式
  • 工作单格式
  • 卡片格式
题名:
财会数学
    
 
作者: 蔡芷 编写
分册:  
出版信息: 上海   知识出版社  1982.12
页数: 263页
开本: 20cm
丛书名: 立信财经丛书
单 册:
中图分类: F230.9
科图分类:
主题词: 会计
电子资源:
ISBN:
000 00595nam0 2200229 45
001 0306191669
005 20060722081552.70
010    @dCNY0.86
091    @a4214.1009
100    @a20030619d1982 km y0chiy0120 ea
101 0  @achi
105    @ak z 000yy
200 1  @a财会数学@ACai Kuai Shu Xue@f蔡芷编写@FCai Zhi Bian Xie
210    @a上海@c知识出版社@d1982.12
215    @a263页@d20cm
225    @a立信财经丛书
410    @12001 @a立信财经丛书
606 0  @a会计
690    @aF230.9@v3
701  0 @a蔡芷@4编写
801    @aCN@bTSTC@c20060722
905    @f1@b121152@dF230.9@e34@b92673@f1
    
    财会数学/蔡芷编写.-上海:知识出版社,1982.12
    263页;20cm.-(立信财经丛书)
    
    
    ISBN :CNY0.86
    
●
相关链接 在E读中查询图书 在五车中查询图书 在当当中查询图书 在豆瓣中查询图书


正题名:财会数学     索取号:F230.9/34         预约/预借

序号 登录号 条形码 馆藏地/架位号 状态 备注
1 0092669   000204665   第一借阅区/ [索取号:F230.9/34] 在馆    
2 0092672   000204629   密集书库/ [索取号:F230.9/34] 在馆    
3 0092673   001806754   密集书库/ [索取号:F230.9/34] 在馆    
4 0121148   000204709   第一样本阅览室/ [索取号:F230.9/34] 在馆    
5 0121152   001806790   密集书库/ [索取号:F230.9/34] 在馆    
6 0425481   204254813   密集书库/ [索取号:F230.9/34] 在馆    
7 0425482   204254822   密集书库/ [索取号:F230.9/34] 在馆    
唐山师范学院图书馆 欢迎您!
大连网信软件有限公司© 版权所有